[Event "TCh-CZE Extraliga 2005-6"]
[Site "Czech Rep CZE"]
[Date "2005.11.06"]
[Round "4"]
[White "Ftacnik,L"]
[Black "Stocek,J"]
[Result "0-1"]
[WhiteElo "2612"]
[BlackElo "2580"]

1.c4 e5 2.g3 Nf6 3.Bg2 Bc5 4.Nc3 O-O 5.e3 c6 6.d4 exd4 7.exd4 Bb4 8.Ne2 d5
9.cxd5 Nxd5 10.O-O Be6 11.Ne4 Nd7 12.Ng5 Bf5 13.Qb3 N7f6 14.Nc3 h6 15.Nge4 Nxe4
16.Nxd5 Qxd5 17.Qxb4 Qd7 18.Be3 Nf6 19.Rfe1 Rfe8 20.Qa3 Be4 21.f3 Bd5 22.Qd3 Be6
23.Bf2 Nd5 24.a3 Bh3 25.Bh1 Rxe1+ 26.Rxe1 Re8 27.Rxe8+ Qxe8 28.Qe4 Qd8 29.Qe5 Be6
30.Bg2 Qb6 31.b4 Qa6 32.f4 Nf6 33.d5 Bxd5 34.Qb8+ Kh7 35.Qxa7 Qd3 36.Qe3 Qd1+
37.Qe1 Qc2 38.Bxd5 cxd5 39.Bd4 Ng4 40.Bf2 d4 41.Bxd4 Qxh2+ 42.Kf1 Qh1+ 43.Bg1 Qf3+
44.Bf2 Nxf2 45.Qxf2 Qxa3 46.Qc2+ g6 47.Qe4 Qxg3 48.Qxb7 Qxf4+ 49.Ke2 h5 50.b5 h4
51.Qd7 Kg7 52.Qd3 Qe5+ 53.Kf1 h3 54.Kg1 Qg5+ 55.Kf2 Qg2+ 56.Ke1 h2  0-1

[Event "FSIMB November"]
[Site "Budapest HUN"]
[Date "2005.11.08"]
[Round "4"]
[White "Eperjesi,L"]
[Black "Werner,Di"]
[Result "1/2-1/2"]
[WhiteElo "2252"]
[BlackElo "2376"]

1.c4 e5 2.g3 Nc6 3.Bg2 f5 4.Nc3 Nf6 5.d3 Bb4 6.Nf3 d6 7.O-O O-O 8.Bg5 Bxc3
9.bxc3 h6 10.Bxf6 Qxf6 11.Ne1 Nd8 12.Nc2 c6 13.Qd2 f4  1/2-1/2

[Event "TCh-FIN 2005-6"]
[Site "Helsinki FIN"]
[Date "2005.11.12"]
[Round "5"]
[White "Natri,A"]
[Black "Rytshagov,M"]
[Result "0-1"]
[WhiteElo "2214"]
[BlackElo "2477"]

1.c4 e5 2.g3 c6 3.d4 e4 4.Bg2 d5 5.cxd5 cxd5 6.Nc3 Nc6 7.f3 exf3 8.Nxf3 Bb4
9.O-O Nge7 10.Bg5 f6 11.Bd2 O-O 12.Nb5 Bxd2 13.Qxd2 Bg4 14.Nc3 Qd7 15.Rfe1 Rad8
16.Rac1 Rfe8 17.Qf4 Ng6 18.Qd2 Qf5 19.Na4 Rd6 20.Nc5 Re7 21.b4 b6 22.Nb3 a6
23.a4 Qd7 24.a5 Qb7 25.axb6 Qxb6 26.Nc5 Nxb4 27.Rb1 a5 28.Nd3 Bxf3 29.Nxb4 Bxg2
30.Nxd5 Bxd5 31.Rxb6 Rxb6 32.Qxa5 Rd6 33.Qc5 Rd8 34.e4 Bxe4 35.Qb6 Rde8 36.Qb3+ Kh8
37.Qb4 f5 38.Qd6 Nf8 39.h4 Rd7 40.Qc5 Ne6 41.Qb5 Red8 42.Rc1 Rd5 43.Qb6 Nxd4
44.Kf2 Nc2 45.Qe6 Rd2+ 46.Kf1 h6 47.Qe7 Ra8 48.h5 Nd4  0-1

[Event "British Rapidplay"]
[Site "Halifax ENG"]
[Date "2005.11.13"]
[Round "8"]
[White "Turner,Ma"]
[Black "Ashton,A"]
[Result "1-0"]
[WhiteElo "2495"]
[BlackElo "2331"]

1.c4 e5 2.g3 Nf6 3.Bg2 c6 4.d4 exd4 5.Qxd4 d5 6.Nf3 Be6 7.cxd5 cxd5 8.O-O Nc6
9.Qd3 Bc5 10.Nc3 h6 11.Bf4 O-O 12.Rac1 Bd6 13.Bxd6 Qxd6 14.Nb5 Qe7 15.Nfd4 Rac8
16.Nxc6 bxc6 17.Nd4 c5 18.Nxe6 fxe6 19.Qa3 Rc7 20.Rc2 Rfc8 21.Rfc1 Kh8 22.Qe3 Rc6
23.b3 R8c7 24.h3 e5 25.g4 e4 26.Qg3 Re6 27.e3 Rc8 28.Bf1 Re5 29.Ba6 Rc6 30.Bb5 Rc7
31.Be2 Re6 32.Kg2 Nh7 33.Rd1 Nf6 34.Qf4 Rd6 35.h4 Nd7 36.Rxd5 Rxd5 37.Qxc7 Qxh4
38.Qxa7 Qg5 39.f4 exf3+ 40.Bxf3 Nf6 41.Qc7 Re5 42.a4 h5 43.a5 Nxg4 44.Qc8+ Kh7
45.Bxg4 hxg4 46.Rc4 Rf5 47.a6 Qh5 48.Kg1 g3 49.Rh4 Qxh4 50.Qxf5+ g6 51.Qf7+ Kh8
52.Qe8+ Kh7 53.Qd7+ Kh8 54.Qd2 Qe4 55.a7 Kh7 56.Qd7+ Kh6 57.Qh3+  1-0

[Event "18th Belgrade Trophy"]
[Site "Obrenovac SCG"]
[Date "2005.11.26"]
[Round "5"]
[White "Radosavljevic,S"]
[Black "Nestorovic,De"]
[Result "0-1"]
[WhiteElo "2241"]
[BlackElo "2400"]

1.g3 e5 2.c4 Nc6 3.Bg2 f5 4.e3 Nf6 5.Nc3 d5 6.cxd5 Nb4 7.d3 Nfxd5 8.Nxd5 Nxd5
9.Nf3 Bd6 10.O-O Nf6 11.Qb3 Qe7 12.Bd2 c6 13.Bc3 Be6 14.Qa4 Nd7 15.e4 O-O
16.d4 fxe4 17.Nxe5 Bd5 18.Rae1 Nf6 19.f3 exf3 20.Bxf3 Qc7 21.Ba5 Qc8 22.Bb4 Bxb4
23.Qxb4 Qc7 24.Bxd5+ Nxd5 25.Qc5 a6 26.Rxf8+ Rxf8 27.Rf1 Rxf1+ 28.Kxf1 Qd8
29.Qa7 Qc8 30.Ke2 h6 31.Kd3 Qf5+ 32.Kc4 Qc2+  0-1

[Event "TCh-CZE Extraliga 2005-6"]
[Site "Czech Rep CZE"]
[Date "2005.12.04"]
[Round "6"]
[White "Petran,Pe"]
[Black "Bazant,P jr"]
[Result "1/2-1/2"]
[WhiteElo "2342"]
[BlackElo "2307"]

1.g3 e5 2.c4 Nf6 3.Bg2 Be7 4.Nc3 O-O 5.Nf3 d6 6.d4 Nbd7 7.O-O c6 8.e4 Qc7
9.h3 Re8 10.Be3 Bf8 11.d5 a5 12.Ne1 Nc5 13.b3 cxd5 14.exd5 Bf5 15.Rc1 Rac8
16.Kh2 Bg6 17.a3 Nfe4 18.Nxe4 Nxe4 19.b4 b5 20.cxb5 Qb7 21.b6 Rxc1 22.Qxc1 Qxd5
23.Nf3 axb4 24.Nh4 f5 25.Nxg6 hxg6 26.axb4 Qb5 27.Rd1 d5 28.Bf1 Qxb4 29.Rxd5 Nc3
30.Rd3 f4 31.Rxc3 fxe3 32.Qxe3 Rb8 33.Bc4+ Kh7 34.Qe4 Be7 35.Rb3 Qc5 36.Kg2 Rxb6
37.Rxb6 Qxb6 38.Qxe5 Qf6 39.Qd5 Qf8 40.h4 Bc5 41.f4 Be7 42.h5 Kh6 43.hxg6 Qd8
44.Qf5 Qd2+ 45.Kf3 Qd1+ 46.Be2 Qh1+ 47.Kg4 Bf6 48.Bf3 Qh2 49.Qd5 Be7 50.Qb5 Bf6
51.Be4 Be5 52.Qxe5 Qxg3+  1/2-1/2

[Event "TCh-HUN 2005-6"]
[Site "Hungary HUN"]
[Date "2005.12.04"]
[Round "5"]
[White "Czebe,A"]
[Black "Ruck,R"]
[Result "1/2-1/2"]
[WhiteElo "2497"]
[BlackElo "2535"]

1.c4 e5 2.g3 Nf6 3.Bg2 d5 4.cxd5 Nxd5 5.Nc3 Nb6 6.Nf3 Nc6 7.O-O Be7 8.Rb1 a5
9.d3 Be6 10.Be3 O-O 11.Rc1 Re8 12.Nd2 Nd5  1/2-1/2

[Event "TCh-HUN 2005-6"]
[Site "Hungary HUN"]
[Date "2005.12.04"]
[Round "5"]
[White "Bors,T"]
[Black "Medvegy,N"]
[Result "1-0"]
[WhiteElo "2291"]
[BlackElo "2368"]

1.c4 e5 2.g3 c6 3.Bg2 d5 4.cxd5 cxd5 5.d4 e4 6.Nc3 Nc6 7.f3 exf3 8.exf3 Bb4
9.Ne2 Nge7 10.Be3 O-O 11.O-O Re8 12.Bf2 Na5 13.a3 Bd6 14.Nb5 Bb8 15.a4 a6
16.Na3 Bd6 17.Nc1 Qb6 18.Nd3 Nb3 19.a5 Nxa5 20.Qa4 Nac6 21.Nb5 Bb8 22.Rfe1 Qd8
23.Nc3 Bf5 24.Ne5 Ba7 25.f4 Be6 26.Rad1 Rc8 27.Nf3 Na5 28.Ng5 Bg4 29.Rc1 h6
30.Nf3 Rc4 31.b4 Nac6 32.Nxd5 Nxd5 33.Rxc4 Bxf3 34.Rxe8+ Qxe8 35.Bxf3 b5
36.Qxa6 bxc4 37.Bxd5 Bxd4 38.Bxd4 Qe1+ 39.Kg2 Nxd4 40.Qxc4 Qd2+ 41.Kh3 Ne2
42.Bxf7+ Kf8 43.Bd5 Ng1+ 44.Kg4 Qd1+ 45.Kh4 Nf3+ 46.Bxf3 Qxf3 47.Qc8+ Kf7
48.Qf5+ Kg8 49.Qe5 g6 50.b5 Qf2 51.h3 Qf3 52.b6 Kf7 53.Qb5 Kf6 54.b7  1-0

[Event "12th Open"]
[Site "Zadar CRO"]
[Date "2005.12.15"]
[Round "6"]
[White "Fucak,E"]
[Black "Rusev,K"]
[Result "0-1"]
[WhiteElo "2300"]
[BlackElo "2434"]

1.c4 e5 2.g3 Nf6 3.Bg2 Nc6 4.Nc3 Bc5 5.e3 d5 6.cxd5 Nb4 7.a3 Nd3+ 8.Ke2 Bg4+
9.Bf3 Bf5 10.Qa4+ c6 11.dxc6 O-O 12.cxb7 Rb8 13.Be4 Nxe4 14.Nxe4 Qd5 15.f3 Rxb7
16.g4 Bd7 17.Qc2 Bb5 18.Kd1 Bc4  0-1

[Event "5th Amplico AIG Life"]
[Site "Warsaw POL"]
[Date "2005.12.17"]
[Round "2"]
[White "Rustemov,A"]
[Black "Sliwerski,R"]
[Result "1-0"]
[WhiteElo "2564"]
[BlackElo "2227"]

1.c4 e5 2.g3 Nf6 3.Bg2 d5 4.cxd5 Nxd5 5.Nc3 Nb6 6.Nf3 Nc6 7.O-O Be7 8.Rb1 O-O
9.d3 Be6 10.a3 f6 11.b4 a6 12.Be3 Nd5 13.Nxd5 Bxd5 14.Qc2 Re8 15.Rfc1 Rc8
16.Nd2 Bxg2 17.Kxg2 Nd4 18.Qc4+ Kh8 19.Bxd4 Qxd4 20.Qxd4 exd4 21.Nb3 Bd6
22.Kf3 Be5 23.Rc4 c6 24.Rbc1 Rcd8 25.Kg4 g6 26.R1c2 f5+ 27.Kf3 Kg7 28.a4 Rd6
29.b5 axb5 30.axb5 cxb5 31.Rc7+ Kh6 32.Rxb7 Rd5 33.Rc5 Rxc5 34.Nxc5 Rb8 35.Ra7 Rc8
36.Na6 Bd6 37.Rb7 Rc6 38.Nb8 Bxb8 39.Rxb8 Rc5 40.Rd8 b4 41.Rb8 Rd5 42.Rxb4 Kg5
43.Rb7 h5 44.h4+ Kf6 45.Kf4 Rd6 46.Rb8 Re6 47.Kf3 Rd6 48.Re8 Kf7 49.Re5 Kf6
50.Kf4 Rd7 51.Re8 Rd6 52.Rf8+ Ke7 53.Ra8 Kf6 54.Ra4 Re6 55.Ra2 Rd6 56.f3 Re6
57.Rb2 Rd6 58.Rb4 Re6 59.Rxd4 Rxe2 60.Rd6+ Kf7 61.d4 Rd2 62.Kg5 Rd3 63.Rf6+ Ke7
64.Rxg6 Rxf3 65.Kxh5 Rd3 66.Rg4 Kd6 67.Kg5 Ke6 68.Kg6  1-0

[Event "5th Amplico AIG Life"]
[Site "Warsaw POL"]
[Date "2005.12.17"]
[Round "3"]
[White "Stryjecki,M"]
[Black "Miton,K"]
[Result "0-1"]
[WhiteElo "2420"]
[BlackElo "2636"]

1.c4 e5 2.g3 Nc6 3.Bg2 f5 4.Nc3 Nf6 5.e3 d5 6.cxd5 Nb4 7.d3 Nfxd5 8.Nxd5 Nxd5
9.Nf3 Bd6 10.O-O Nf6 11.b3 O-O 12.Bb2 Qe7 13.Qc2 Rb8 14.e4 fxe4 15.dxe4 Bg4
16.Nh4 c6 17.h3 Be6 18.Rae1 g6 19.Nf3 Nd7 20.Nd2 Rbd8 21.Nc4 Bxc4 22.Qxc4+ Qf7
23.Qc2 Bc7 24.f4 Qe7 25.Qc4+ Qf7 26.Qc2 Qe7 27.Qc4+ Qf7 28.Qc2 Qe6 29.f5 Qe7
30.Kh2 Nf6 31.g4 g5 32.Rd1 h6 33.Bf3 Bb6 34.Kg2 Kg7 35.Qc4 Bc7 36.Rh1 Rxd1
37.Rxd1 Rd8 38.Rxd8 Qxd8 39.Bc3 Qe7 40.b4 Qd6 41.a4 Bb6 42.Be1 a6 43.Be2 Be3
44.Qd3 Bd4 45.Bd1 b5 46.Bb3 Kf8 47.Ba2 Qe7 48.Kf3 Ke8 49.Bd2 Kd8 50.Be6 Kc7
51.Be1 Kb7 52.Qc2 Qd6 53.Bb3 Ba7 54.Qd1 Bd4 55.Qd3 Nd7 56.Bd2 Nb6 57.axb5 axb5
58.Be1 Nd7 59.Be6 Nf6 60.Bb3 Qd8 61.h4 Nh7 62.Bg3 Qe7 63.Bg8 gxh4 64.Bxh7 hxg3
65.Bg6 Qg5 66.Kxg3 Qf4+ 67.Kh3 Kb6 68.Qg3 Qxg3+ 69.Kxg3 Bc3 70.f6 Bxb4 71.g5 hxg5
72.Kg4 c5 73.Kf5 c4 74.Bh5 Bd6 75.Ke6 Kc5 76.Be2 c3 77.Bd1 g4  0-1

[Event "5th Amplico AIG Life"]
[Site "Warsaw POL"]
[Date "2005.12.18"]
[Round "12"]
[White "Sergeev,Vl"]
[Black "Bobras,P"]
[Result "0-1"]
[WhiteElo "2436"]
[BlackElo "2563"]

1.c4 e5 2.g3 Nf6 3.Bg2 h6 4.Nf3 e4 5.Nd4 Nc6 6.Nb3 a5 7.d3 Bb4+ 8.Bd2 exd3
9.e3 Ne5 10.Bxb4 axb4 11.N1d2 O-O 12.O-O d6 13.h3 Re8 14.f4 Ned7 15.e4 c6
16.Qf3 Qb6+ 17.Kh2 Nc5 18.Nxc5 Qxc5 19.Qxd3 Be6 20.Rfc1 Qh5 21.f5 Ng4+ 22.Kg1 Ne5
23.Qd4 c5 24.Qxd6 Bxf5 25.exf5 Rad8 26.Qxc5 Rxd2 27.Rf1 Nd3 28.g4 Qh4 29.Qd5 Ree2
30.Rad1 Rxg2+ 31.Qxg2 Rxg2+ 32.Kxg2 Nxb2 33.Rd4 Qf6 34.Rff4 Na4 35.Rfe4 Kh7
36.Rf4 Nc3 37.Rd2 Qc6+ 38.Kg1 Qc5+ 39.Kg2 Qe3 40.Rdf2 Nxa2 41.R4f3 Qa7 42.Re3 Qxe3  0-1

[Event "Open A"]
[Site "Bethune FRA"]
[Date "2005.12.27"]
[Round "3"]
[White "Foisor,O"]
[Black "Ikonnikov,Vy"]
[Result "1/2-1/2"]
[WhiteElo "2392"]
[BlackElo "2566"]

1.c4 e5 2.g3 f5 3.Bg2 Nf6 4.Nc3 Nc6 5.e3 d6 6.Nge2 g6 7.b3 Bg7 8.Bb2 O-O
9.O-O g5 10.f4 h6 11.d3 Ne7 12.Qd2 c6 13.Na4 Ng6 14.c5 dxc5 15.Nxc5 Qe7 16.Rac1 Rb8
17.fxe5 Nxe5 18.Nd4 Neg4 19.e4 fxe4 20.dxe4 Re8 21.h3 Ne5 22.Nf5  1/2-1/2

[Event "Master Open"]
[Site "Zurich SUI"]
[Date "2005.12.28"]
[Round "4"]
[White "Fierz,M"]
[Black "Ruck,R"]
[Result "1/2-1/2"]
[WhiteElo "2277"]
[BlackElo "2535"]

1.c4 e5 2.g3 Nf6 3.Bg2 d5 4.cxd5 Nxd5 5.Nf3 Nc6 6.O-O Nb6 7.d3 Be7 8.Nbd2 O-O
9.a3 a5 10.b3 Be6 11.Bb2 f6 12.Qc2 Qd7 13.Rfd1 Rfd8 14.Nc4 Qe8 15.Rac1 Qf7
16.Qb1 Bf8 17.Qa1 Nxc4 18.bxc4 e4 19.Nd4 Nxd4 20.Bxd4 exd3 21.exd3 Rd7 22.Bxb7 Rad8
23.Bc3 Rxd3 24.Bxa5 Bxa3 25.Rxd3 Rxd3 26.Rc3 Qd7 27.Rxd3 Qxd3 28.Bxc7 Bxc4
29.Bg2 Bc5 30.Qe1 Kf7 31.Bf4 g5 32.Bd2 Bd5 33.Bxd5+ Qxd5 34.Qe2 Qe6  1/2-1/2

[Event "Open A"]
[Site "Bethune FRA"]
[Date "2005.12.29"]
[Round "6"]
[White "Foisor,C"]
[Black "Shchekachev,A"]
[Result "1/2-1/2"]
[WhiteElo "2409"]
[BlackElo "2564"]

1.c4 e5 2.g3 Nf6 3.Bg2 c6 4.d4 exd4 5.Qxd4 d5 6.Nf3 Be6 7.cxd5 cxd5 8.O-O Nc6
9.Qa4 Bc5 10.Nbd2 O-O 11.Nb3 Bb6 12.Nbd4 Qe8 13.Nxc6 bxc6 14.b3 Bd7 15.Bb2 d4
16.Qc4 c5 17.a4 Rc8 18.Nd2 Ba5 19.Qd3 Bxd2 20.Qxd2 Bc6 21.b4 Bxg2 22.Kxg2 Qc6+
23.Kg1 Ne4 24.Qf4 cxb4 25.Bxd4 Qd5 26.Rad1 Qe6 27.Rd3 Rc4 28.Qe3 a5 29.f3 Nc3
30.Qxe6 fxe6 31.Bxc3 bxc3 32.Rc1 c2 33.Kf2 Rfc8 34.Ra3 Kf7  1/2-1/2

[Event "21st Post Open"]
[Site "Duesseldorf GER"]
[Date "2005.12.29"]
[Round "5"]
[White "Trella,T"]
[Black "Tochtrop,M"]
[Result "1-0"]
[WhiteElo "2218"]
[BlackElo "2154"]

1.c4 e5 2.g3 Nc6 3.Nc3 f5 4.e3 Nf6 5.d4 d6 6.Nge2 Be7 7.Bg2 O-O 8.O-O Bd7
9.Rb1 Qe8 10.b4 e4 11.Nf4 Nd8 12.Nfd5 Nxd5 13.Nxd5 Rc8 14.b5 Nf7 15.Ba3 Bd8
16.Qe2 Qe6 17.Nf4 Qh6 18.f3 g5 19.Nd5 exf3 20.Qxf3 g4 21.Qe2 Bg5 22.Qd3 Rfe8
23.Nf4 Rb8 24.Bb4 c6 25.a4 Re7 26.Bd2 Rbe8 27.bxc6 bxc6 28.Rb7 Nd8 29.Rxa7 Bxf4
30.Rxf4 Bc8 31.Rxe7 Rxe7 32.e4  1-0

[Event "21st Post Open"]
[Site "Duesseldorf GER"]
[Date "2005.12.30"]
[Round "6"]
[White "Trella,T"]
[Black "Bakhmatov,E"]
[Result "1/2-1/2"]
[WhiteElo "2218"]
[BlackElo "2378"]

1.c4 e5 2.g3 Nf6 3.Bg2 d6 4.Nc3 g6 5.e4 Bg7 6.Nge2 O-O 7.O-O Be6 8.b3 Qd7
9.Bb2 Bh3 10.f3 Bxg2 11.Kxg2 Nc6 12.d4 Nxd4 13.Nxd4 exd4 14.Qxd4 Ng4 15.Qd3 Ne5
16.Qd2 f5 17.Rae1 c6 18.f4 Nf7 19.e5 Rfe8 20.Rd1 Rad8 21.Ba3 Qc7 22.exd6 Nxd6
23.Bxd6 Bxc3 24.Bxc7 Rxd2+ 25.Rxd2 Bxd2  1/2-1/2

[Event "8th Hilton Schachfestival"]
[Site "Basel SUI"]
[Date "2006.01.03"]
[Round "3"]
[White "Deubelbeiss,R"]
[Black "Meier,F"]
[Result "0-1"]
[WhiteElo "2117"]
[BlackElo "2062"]

1.c4 e5 2.g3 Nf6 3.Bg2 c6 4.d4 e4 5.e3 d5 6.Nc3 Bb4 7.cxd5 cxd5 8.Ne2 O-O
9.O-O Bg4 10.h3 Bf3 11.Bxf3 exf3 12.Nf4 Bxc3 13.bxc3 Ne4 14.Qxf3 Re8 15.Rb1 Qd7
16.Rb3 Nc6 17.Qg4 f5 18.Qe2 a6 19.c4 Na5 20.Nxd5 Nxb3 21.axb3 Qd6 22.Kg2 b5
23.Nf4 g5 24.Nd3 bxc4 25.bxc4 a5 26.f3 Qxg3+ 27.Kh1 Qxh3+ 28.Kg1 Ng3 29.Qg2 Qxg2+
30.Kxg2 Nxf1 31.Kxf1 Rab8 32.d5 a4 33.Ke2 Rb3 34.d6 a3 35.Bxa3 Rxa3 36.c5 Ra2+
37.Kd1 Rxe3 38.Nb4 Ra8 39.Kd2 Re5 40.c6 Kf7 41.Kc3 Ke6 42.d7 Kd6 43.Nd3 Re3  0-1

[Event "10th Open"]
[Site "Bad Zwesten GER"]
[Date "2006.01.04"]
[Round "4"]
[White "Kern,G"]
[Black "Schnabel,M"]
[Result "1-0"]
[WhiteElo "2340"]
[BlackElo "2130"]

1.c4 e5 2.g3 Nf6 3.Bg2 d5 4.cxd5 Nxd5 5.Nc3 Nb6 6.Nf3 Nc6 7.Rb1 f6 8.O-O Be6
9.a3 a5 10.d4 exd4 11.Nb5 Be7 12.Bf4 Rc8 13.Nfxd4 Nxd4 14.Nxd4 Bd5 15.Bh3 Rb8
16.Rc1 Bd6 17.Bxd6 cxd6 18.e4 Bf7 19.Nf5 O-O 20.Nxd6 Kh8 21.Nxf7+ Rxf7 22.Qb3 Re7
23.Rfd1 Nd7 24.Qb5 Qb6  1-0

[Event "Open A"]
[Site "Prague CZE"]
[Date "2006.01.14"]
[Round "2"]
[White "Golcman,E"]
[Black "Kaplan,D"]
[Result "1-0"]
[WhiteElo "2311"]
[BlackElo "2106"]

1.c4 e5 2.g3 c5 3.Bg2 Nc6 4.Nc3 g6 5.e3 Bg7 6.Nge2 f5 7.O-O Nf6 8.d4 d6 9.b3 O-O
10.Bb2 Rb8 11.Qd2 e4 12.Rad1 Qe7 13.Nf4 Qf7 14.f3 exf3 15.Bxf3 Ne7 16.Nb5 Ne8
17.Nxa7 Be6 18.Nb5 b6 19.Rde1 Kh8 20.e4 Bxc4 21.bxc4 Qxc4 22.Qe2 Qxa2 23.exf5 Nxf5
24.Ne6 Nxd4 25.Nbxd4 Rxf3 26.Rxf3 cxd4 27.Rf8+  1-0

[Event "Open"]
[Site "Zagreb CRO"]
[Date "2006.01.16"]
[Round "3"]
[White "Damic,D"]
[Black "Mrdja,M"]
[Result "0-1"]
[WhiteElo "2106"]
[BlackElo "2313"]

1.c4 e5 2.g3 Nf6 3.Bg2 Nc6 4.a3 d5 5.cxd5 Nxd5 6.Nc3 Be6 7.Nf3 Nxc3 8.bxc3 e4
9.Ng1 f5 10.f3 Bd5 11.Qa4 Bc5 12.fxe4 fxe4 13.Bxe4 O-O 14.Nf3 Qd6 15.d3 Rae8
16.Bf4 Qd7 17.O-O-O b5 18.Qxb5 Bxa3+ 19.Kd2 Rxe4 20.dxe4 Bxe4+ 21.Nd4 Rb8
22.Qa4 Bxh1 23.Rxh1 Rb2+ 24.Ke3 Qe7+ 25.Kd3 Nxd4 26.Kxd4 Bc5+ 27.Kd5 Bb6  0-1

[Event "Classic"]
[Site "Queenstown NZL"]
[Date "2006.01.19"]
[Round "5"]
[White "Selnes,H"]
[Black "Perry,R NZL"]
[Result "1/2-1/2"]
[WhiteElo "1953"]
[BlackElo "2131"]

1.c4 e5 2.g3 Nf6 3.Bg2 g6 4.Nc3 Bg7 5.e4 c5 6.Nge2 d6 7.d3 Nc6 8.O-O Nd4
9.Nxd4 cxd4 10.Nd5 Nxd5 11.cxd5 O-O 12.f4 f6 13.Bd2 Bd7 14.Bb4 Qb6 15.Ba3 Rac8
16.fxe5 fxe5 17.Rxf8+ Bxf8 18.Rc1 Rxc1 19.Qxc1 Qd8 20.Bb4 Qc8  1/2-1/2

[Event "Classic"]
[Site "Queenstown NZL"]
[Date "2006.01.19"]
[Round "5"]
[White "Drummond,M"]
[Black "Chandler,M"]
[Result "0-1"]
[WhiteElo "2235"]
[BlackElo "2537"]

1.c4 e5 2.g3 d6 3.Bg2 f5 4.Nc3 Nf6 5.d3 Be7 6.e3 O-O 7.Nge2 c6 8.O-O Na6
9.f4 Qe8 10.Rb1 Qh5 11.b4 e4 12.d4 Nc7 13.d5 Qf7 14.Qd2 cxd5 15.cxd5 Ncxd5
16.Nxd5 Nxd5 17.Bb2 Nb6 18.Bd4 Be6 19.Nc3 Bc4 20.Bxb6 axb6 21.Rfc1 Bf6 22.a4 d5
23.Bf1 Bxc3 24.Rxc3 Rxa4 25.Bxc4 dxc4 26.b5 Rc8 27.Qc2 Raa8 28.Rb4 Ra1+ 29.Kg2 h6
30.Rbxc4 Rxc4 31.Rxc4 Kh7 32.Rc7 Ra2 33.Rxf7 Rxc2+ 34.Kh3 Rc5 35.g4 fxg4+
36.Kxg4 Kg6 37.Re7 h5+ 38.Kg3 Rxb5 39.Rxe4 Kf6 40.Rd4 Ke6 41.Kh4 Rc5 42.e4 b5
43.f5+ Ke5 44.Rb4 Kf4 45.Kxh5 Rc4 46.Rxb5 Rc6 47.f6 Rxf6 48.Kh4 Rh6+ 49.Rh5 g5+  0-1

[Event "Open"]
[Site "Zagreb CRO"]
[Date "2006.01.20"]
[Round "7"]
[White "Djurovic,G"]
[Black "Majeric,Z"]
[Result "1/2-1/2"]
[WhiteElo "2161"]
[BlackElo "2345"]

1.c4 e5 2.g3 Nc6 3.Bg2 Nf6 4.Nc3 Bc5 5.e3 d5 6.Nxd5 Nxd5 7.cxd5 Nb4 8.d3 Nxd5
9.Nf3 Bb4+ 10.Bd2 Bxd2+ 11.Qxd2 Qe7 12.e4 Nb6 13.Qc3 f6 14.a4 a5 15.d4 exd4
16.Nxd4 Nd5 17.Qd2 Nb4 18.O-O O-O 19.Qc3 c6 20.Rfe1 Rd8 21.Rad1 Bg4 22.Nf5 Bxf5
23.exf5 Rxd1 24.Rxd1 Re8 25.Bf1 g6 26.Bc4+ Kg7 27.Be6 Rd8 28.Rd4 b6 29.Qd2 Rxd4
30.Qxd4 Qc7 31.h4 c5 32.Qg4 Qe5 33.Qf3 Qc7 34.Qa8 Nc6 35.Qg8+ Kh6 36.g4 Qd8
37.f4  1/2-1/2

[Event "Classic"]
[Site "Queenstown NZL"]
[Date "2006.01.22"]
[Round "8"]
[White "Steadman,M"]
[Black "Ikeda,J"]
[Result "1-0"]
[WhiteElo "2231"]
[BlackElo "2101"]

1.c4 e5 2.g3 Nc6 3.Bg2 f5 4.Nc3 Nf6 5.e3 e4 6.d3 Ne5 7.dxe4 fxe4 8.Nxe4 d5
9.cxd5 Bf5 10.Qa4+ b5 11.Qd4 Bd6 12.f4 Bxe4 13.Bxe4 Qe7 14.Bg2 Nc4 15.e4 Bc5
16.Qd3 Ng4 17.Nh3 O-O 18.Bf3 Nge5 19.Qe2 Nxf3+ 20.Qxf3 Rae8 21.Nf2 Bxf2+
22.Kxf2 Qxe4 23.Qxe4 Rxe4 24.b3 Nb6 25.Ba3 Rfe8 26.Rhe1 Nxd5 27.Rxe4 Rxe4
28.Rc1 a6 29.Rc5 Rd4 30.Ke2 Nf6 31.Rxc7 Re4+ 32.Kf3 Re6 33.f5 Re1 34.Rc8+ Re8
35.Rxe8+ Nxe8 36.Ke3 Kf7 37.Kf4 Nf6 38.Bb2 Nd5+ 39.Ke4 Nb4 40.a3 Nc6 41.Bc3 h5
42.Kd5 Ne7+ 43.Ke5 Nc6+ 44.Kf4 g6 45.Kg5 gxf5 46.Kxf5 Nd8 47.Kg5 Ne6+ 48.Kxh5 Nc5
49.b4 Ne4 50.Bb2  1-0

[Event "II Open del Mercantil"]
[Site "Sevilla ESP"]
[Date "2006.01.25"]
[Round "6"]
[White "Matamoros Franco,C"]
[Black "Razmyslov,A"]
[Result "1/2-1/2"]
[WhiteElo "2510"]
[BlackElo "2329"]

1.c4 e5 2.g3 Nf6 3.Bg2 Bc5 4.Nc3 O-O 5.e3 Re8 6.Nge2 d6 7.d3 Nc6 8.O-O Bd7
9.h3 a6 10.b3 Rb8 11.Bb2 Ba7 12.Kh2 b5 13.Nd5 Nxd5 14.cxd5 Ne7 15.d4 f6 16.Rc1 Ng6
17.Qc2 Bb6 18.Be4 Qc8 19.Bg2 Qd8  1/2-1/2

[Event "11th HIT Open A"]
[Site "Nova Gorica SLO"]
[Date "2006.01.30"]
[Round "6"]
[White "Skoberne,J"]
[Black "Janev,E"]
[Result "0-1"]
[WhiteElo "2344"]
[BlackElo "2494"]

1.c4 e5 2.g3 Nf6 3.Bg2 Nc6 4.Nc3 Bc5 5.a3 a5 6.e3 O-O 7.Nge2 Re8 8.d3 d6
9.O-O h6 10.h3 Bd7 11.b3 Qc8 12.Kh2 Ne7 13.d4 Ba7 14.Bb2 Ng6 15.dxe5 dxe5
16.Qd2 c6 17.Rfd1 Bf5 18.g4 Be6 19.Ng3 Qc7 20.Qc2 Rad8 21.Nce4 Nxe4 22.Bxe4 Nf8
23.Kg2 Nd7 24.Bf5 Bc5 25.Rd2 Nf8 26.Rad1 Rxd2 27.Rxd2 Bxf5 28.Qxf5 Qe7 29.a4 Bb4
30.Rd1 f6 31.Ne4 Rd8 32.Rxd8 Qxd8 33.h4 Qd7 34.Bc3 Bxc3 35.Nxc3 h5 36.Kg3 hxg4
37.Qxg4 f5 38.Qe2 Ne6 39.Qc2 Nc5 40.Ne2 Qf7 41.Kg2 Qf6 42.Qc3 b6 43.Ng3 f4
44.exf4 Qxf4 45.h5 Ne6 46.Qd3 Qg4 47.Qd6 Nf4+ 48.Kf1 Qf3 49.h6 Qxb3 50.Kg1 Qf3
51.Kf1 Qd3+ 52.Qxd3 Nxd3 53.hxg7 Kxg7 54.Ke2 Nc5 55.f4 exf4 56.Nh5+ Kg6 57.Nxf4+ Kf5
58.Ke3 Nxa4 59.Nd3 Nc5 60.Ne1 a4 61.Kd4 Kf4 62.Nc2 Na6 63.Kc3 Ke5 64.Ne1 Kd6
65.Nd3 b5 66.cxb5 cxb5 67.Nc1  0-1

[Event "3rd ch-Mediterranean"]
[Site "Antalya TUR"]
[Date "2006.02.04"]
[Round "6"]
[White "Djuric,S"]
[Black "Sulypa,A"]
[Result "0-1"]
[WhiteElo "2460"]
[BlackElo "2479"]

1.c4 e5 2.g3 Nf6 3.Bg2 d5 4.cxd5 Nxd5 5.Nc3 Nb6 6.d3 Be7 7.Be3 O-O 8.Rc1 Nc6
9.Bxc6 bxc6 10.Nf3 Bd6 11.O-O f5 12.d4 f4 13.dxe5 fxe3 14.exd6 Bh3 15.Qb3+ Kh8
16.Rfd1 exf2+ 17.Kxf2 cxd6 18.Ne4 d5 19.Qe3 Qc7 20.Nc3 Rae8 21.Qc5 Qf7 22.b3 h6
23.Rd3 Nd7 24.Qxa7 Ne5 25.Qd4 Nxd3+ 26.Qxd3 Qa7+ 27.Ke1 Re3 28.Qd4 Qxd4 29.Nxd4 Rf1+
30.Kd2 Rxc1  0-1

[Event "TCh-NED 2005-6"]
[Site "Netherlands NED"]
[Date "2006.02.04"]
[Round "6"]
[White "Van Dongen,C1"]
[Black "Rothuis,V"]
[Result "1/2-1/2"]
[WhiteElo "2299"]
[BlackElo "2342"]

1.c4 e5 2.g3 g6 3.Bg2 Bg7 4.Nc3 Nc6 5.e4 Nd4 6.Nge2 c5 7.Nxd4 cxd4 8.Nd5 Ne7
9.Nxe7 Qxe7 10.d3 Qb4+ 11.Qd2 Qxd2+ 12.Bxd2 d6 13.Bb4 Bf8 14.f4 f6 15.O-O Be7
16.h4 Be6 17.Kh2 Kd7 18.Bh3 Bxh3 19.Kxh3 h6 20.Rf2 a5 21.Bd2 a4 22.Rh1 b5
23.cxb5 Rab8 24.b3 Rxb5 25.bxa4 Rb2 26.Kg2 Rxa2 27.Rb1 Rxa4 28.Rb7+ Ke6 29.h5 g5
30.f5+ Kf7 31.Bb4 Rd8 32.Rc2 Ke8 33.Rcc7 Bf8 34.Kf3 Rda8 35.Kg4 Rd8 36.Rh7 Rc8
37.Rh8 Ra6 38.Rg8 Rac6 39.Rg6 R6c7 40.Rxc7 Rxc7 41.Rxf6 Rc6 42.Kf3 Ke7 43.Re6+ Kf7
44.Ke2 Ra6 45.Kd1 Rc6 46.g4 Rb6 47.Bd2 Rc6 48.Bb4  1/2-1/2

[Event "TCh-FRA Top 16 Gp A"]
[Site "Paris FRA"]
[Date "2006.02.04"]
[Round "2"]
[White "Brunelliere,P"]
[Black "Libiszewski,F"]
[Result "1/2-1/2"]
[WhiteElo "2343"]
[BlackElo "2467"]

1.c4 e5 2.g3 Nf6 3.Bg2 h6 4.Nc3 Bb4 5.Nf3 Bxc3 6.dxc3 d6 7.O-O Nc6 8.Ne1 Be6
9.b3 Qd7 10.e4 a6 11.Qe2 O-O 12.Nc2 b5 13.cxb5 axb5 14.Qxb5 Ra5 15.Qd3 Rfa8
16.Rb1 Rxa2 17.Ne3 Rb8 18.b4 Ne7 19.Rd1 Qa4 20.Rd2 Nd7 21.Bf1 Nb6 22.Rdb2 Ra8
23.c4 Nc6 24.c5 dxc5 25.bxc5 Nd7 26.Nd5 Nxc5 27.Qc3 Qd4 28.Qxd4 Nxd4 29.Nxc7 Rxb2
30.Rxb2 Ra1 31.Nxe6 fxe6 32.Be3 Nxe4 33.Kg2 Nf5 34.Bb6 Nf6 35.Bc7 e4 36.Be5 Ra5
37.Bb5 Nd5 38.h3 e3 39.g4 Nh4+ 40.Kg3 Ng6 41.Bd6 Rxb5 42.Rxb5 e2 43.Rb1 Nc3
44.Re1 Ne4+ 45.Kf3 Nxd6 46.Rxe2 Kf7 47.Kg3 e5 48.Ra2 Ne4+ 49.Kf3 Ng5+ 50.Kg3 Ne4+
51.Kf3 Ng5+ 52.Kg3 Nf4 53.h4 Nge6 54.Ra5 Kf6 55.Ra6 Nd3 56.Kf3 Nc5 57.Ra2 Nd4+
58.Kg3 Nce6 59.Ra5 Nf4 60.Ra6+ Nde6 61.Ra5 h5 62.Ra6 hxg4 63.Kxg4 Nd3 64.f3 Nf2+
65.Kg3 Nd1 66.Ra1 Ne3 67.Ra3 Nf5+ 68.Kg4 Nh6+ 69.Kg3 Kf5 70.Ra7 Ng8 71.Ra8 Nf6
72.Ra7 Nh5+ 73.Kf2 Nef4 74.Rf7+ Ke6 75.Ra7 Ng6 76.Ra4 Kf5 77.Rb4 Kf6 78.Ra4 Ngf4
79.Ra6+ Kf5 80.Ra7 Ne6 81.Rf7+ Kg6 82.Re7 Kf6 83.Ra7 Nd4 84.Kg2 Nf4+ 85.Kg3 Nf5+
86.Kg4 Nh6+ 87.Kg3 Ng6 88.Ra6+ Kf7 89.Ra7+ Ne7 90.Ra6 Nhf5+ 91.Kh3 Nd4 92.Kg3 Ne6
93.Ra5 Kf6 94.Ra6 Nf5+ 95.Kg4 Ne3+ 96.Kg3 Kf5 97.Ra7 Nd5 98.Rf7+ Nf6 99.Kf2 g6
100.Kg3 Nf4 101.Ra7 N6h5+ 102.Kf2 Nd5 103.Rf7+ Ke6 104.Ra7 Ne7 105.Ra6+ Kf7
106.Ra7 Ng7 107.Kg3 Kf6 108.Ra6+ Ne6 109.Ra7 Nf5+ 110.Kg4 Ne3+ 111.Kg3 Nd4
112.Ra1 Kf5 113.Re1 Nc4 114.Rd1 Kf6 115.Rd3 Kf5 116.Rd1 Nb6 117.Ra1 Nd5 118.Rh1 Nf6
119.Ra1 Nh5+ 120.Kf2 Nf4 121.Kg3 Nd3 122.Rd1 Ne2+ 123.Kg2 Nef4+ 124.Kg3 Ke6
125.Ra1 Kd5 126.Ra4 Nc5 127.Rb4 Nfd3 128.Rb6 Ne6 129.Ra6 Ndc5 130.Ra1 Kd4
131.Ra3 Nd3 132.Ra4+ Ke3 133.Re4+ Kd2 134.Ra4 Nd4 135.Ra6 Nf5+ 136.Kg4 Nf4
137.Ra5 Ne3+ 138.Kg3 Ned5 139.Kf2 Kd3 140.Ra3+ Nc3 141.Ra5 Kd4 142.Ra1 Nd3+
143.Kg2 Ke3 144.Ra3 Ne2 145.Kh3 Nd4 146.Kg3 Nxf3 147.Ra6 Nf4 148.Ra3+ Nd3
149.Ra6 Nf4 150.Ra3+ Nd3  1/2-1/2